000 00592nam a22002297a 4500
003 OSt
005 20220107122853.0
008 190716b xxu||||| |||| 00| 0 eng d
020 _a9789352869152
040 _cIIITMK
082 _a004.65 COM/C
100 _aComer, Douglas E
_916225
245 _aComputer networks and internets
250 _a6
260 _aNoida,
_bPearson Education,
_c2018.
300 _a667p.
650 _aCOMPUTER SCIENCE
_916980
650 _aCOMPUTER NETWORKING
_916981
650 _aDATA COMMUNICATION
_916982
650 _aINTERNET
_916983
942 _2ddc
_cBK
999 _c6582
_d6582